An assessment of the relationship between financial incentives and workers morale in Kabwe (Record no. 84204)

MARC details
000 -LEADER
fixed length control field 00864 a2200265 4500
003 - CONTROL NUMBER IDENTIFIER
control field CBULib
005 - DATE AND TIME OF LATEST TRANSACTION
control field 20240126091323.0
008 - FIXED-LENGTH DATA ELEMENTS--GENERAL INFORMATION
fixed length control field 240122b |||||||| |||| 00| 0 eng d
040 ## - CATALOGING SOURCE
Original cataloging agency CBULib
Language of cataloging Eng
Transcribing agency CBULib
Modifying agency CBULib
Description conventions rda
041 ## - LANGUAGE CODE
Language code of text/sound track or separate title eng
050 ## - LIBRARY OF CONGRESS CALL NUMBER
Classification number CBU-PGTHESIS/BAN
100 ## - MAIN ENTRY--PERSONAL NAME
Personal name Banda, Japhet
9 (RLIN) 2136
245 ## - TITLE STATEMENT
Title An assessment of the relationship between financial incentives and workers morale in Kabwe
Statement of responsibility, etc / by Japhet Banda
260 ## - PUBLICATION, DISTRIBUTION, ETC. (IMPRINT)
Name of publisher, distributor, etc Copperbelt University,
Date of publication, distribution, etc 2023
Place of publication, distribution, etc Kitwe :
300 ## - PHYSICAL DESCRIPTION
Extent 46pages : illustrations
336 ## - CONTENT TYPE
Source rdacontent
Content type term Text |
Content type code txt
337 ## - MEDIA TYPE
Source rdamedia
Media type term Unmediated |
Media type code n
338 ## - CARRIER TYPE
Source rdacarrier
Carrier type term Volume
Carrier type code nc
500 ## - GENERAL NOTE
General note includes bibliographical references
650 #0 - SUBJECT ADDED ENTRY--TOPICAL TERM
9 (RLIN) 2137
Topical term or geographic name as entry element FINANCIAL INCENTIVES
650 #0 - SUBJECT ADDED ENTRY--TOPICAL TERM
9 (RLIN) 2138
Topical term or geographic name as entry element WORKERS' MORALE
650 #0 - SUBJECT ADDED ENTRY--TOPICAL TERM
9 (RLIN) 2139
Topical term or geographic name as entry element BANK WORKERS
650 #0 - SUBJECT ADDED ENTRY--TOPICAL TERM
9 (RLIN) 2140
Topical term or geographic name as entry element KABWE DISTRICT
942 ## - ADDED ENTRY ELEMENTS (KOHA)
Source of classification or shelving scheme
Koha item type UNIVERSITY COLLECTION
Holdings
Withdrawn status Lost status Source of classification or shelving scheme Damaged status Not for loan Collection code Permanent Location Current Location Shelving location Date acquired Source of acquisition Full call number Barcode Date last seen Price effective from Koha item type
          Special Collections CBU-MAIN LIBRARY, KITWE. CBU-MAIN LIBRARY, KITWE. Special Collections 01/22/2024 DEP-CBU/01/2024 CBU-PG THESIS/BAN B92500 01/22/2024 01/22/2024 UNIVERSITY COLLECTION